000 02235nam a22001577a 4500
020 _a978-93-57-320-153
082 _a894.812.3
_bJAY/M
100 _aJAYAMOHAN
245 _aMADAN MOKSHAM
246 _aMADAN MOKSHAM
_bMADAN MOKSHAM
260 _aKOTTAYAM
_bDC BOOKS
_c2023
300 _a96
520 _aഇന്ത്യയില്‍ ഹിന്ദുത്വം അടിത്തട്ടിലേക്ക് അരിച്ചുകേറുന്നത് എങ്ങനെ എന്നതിന്റെ സൂക്ഷ്മചിത്രം വരച്ചു കാണിക്കുന്ന നോവലാണ് 'മാടന്‍മോക്ഷം'. വളരെ അടിത്തട്ടിലുള്ള ഒരു ദൈവമാണ് 'മാടന്‍'. ശരിക്കു പറഞ്ഞാല്‍ ദൈവങ്ങളിലെ ഒരു ദലിതന്‍. ചുടലമാടന്‍ എന്നു പേരുവിളിക്കും. ചുടല കാക്കുന്നവന്‍, അതായത് ശ്മശാന കാവല്‍ക്കാരന്‍. കൊല്ലത്തിലൊരിക്കല്‍, അധഃകൃതജാതിയില്‍പ്പെട്ടൊരാള്‍ കൊണ്ടുചെന്നു കൊടുക്കുന്ന കള്ളും ചുരുട്ടും മാംസവും ചോരയുമാണ് വഴിപാട്. അവര്‍ക്ക് മാടന്‍ ആകാശത്തുനിന്നുള്ള ദൈവമല്ല. ഒപ്പമുള്ള ദൈവമാണ്. അവരുടെ ഒപ്പമുണ്ടായിരുന്ന ആ ദൈവം മറ്റൊന്നായി മാറുന്നതിന്റെ തീക്ഷ്ണാനുഭവമാണ് ഈ നോവലിലുള്ളത്. മലയാള നോവല്‍ സാഹിത്യത്തില്‍ സാമൂഹ്യവിമര്‍ശനത്തിന്റെ അസാധാരണവും അതിനിശിതമായൊരു പൊളിച്ചെഴുത്തു നടത്തുന്ന കൃതി.
650 _aMALAYALAM NOVEL
942 _cBK
999 _c7057
_d7057